Statistics for Do you know these EU4 nations based on their subjects?

Click here to take the quiz!

General Stats

  • This quiz has been taken 181 times
  • The average score is 14 of 20

Answer Stats

Subject nation(s)Overlord% Correct
Norway, Sweden, HolsteinDenmark
99%
Foix, Orleons, ArmagnacFrance
97%
Ayutthaya, Korea, Sarig YogirMing
96%
NaplesAragon
95%
AthensByzantium
94%
CroatiaHungary
93%
Sus, Marrakesh, TafilaltMorocco
93%
The IslesScotland
92%
Holland, Flanders, BrabantBurgundy
90%
Tranoxiana, Fars, AfghanistanTimurids
90%
MongoliaOirat
80%
ThuringiaSaxony
73%
Jangladesh, SirhindDelhi
59%
Loango, NdongoKongo
54%
Palembang, Bali, BlambaganMajapahit
41%
Hadia, DamotEthiopia
38%
MogadishuAjuraan
34%
BayreuthAnsbach
33%
KandyKotte
33%
ButuaMutapa
24%

Score Distribution

Percentile by Number Answered

Percent of People with Each Score

Your Score History

You have not taken this quiz